[Event "EU-ch 11th"]
[Site "Rijeka"]
[Date "2010.03.16"]
[Round "10"]
[White "Pfeifer, Antun"]
[Black "Nakar, Eylon"]
[Result "0-1"]
[WhiteElo "1882"]
[BlackElo "2264"]
[PlyCount "74"]
[EventDate "2010.03.06"]
[EventType "swiss"]
[EventRounds "11"]
[EventCountry "CRO"]
[SourceTitle "CBM 136"]
[Source "ChessBase"]
[SourceDate "2010.05.18"]
[SourceVersion "1"]
[SourceVersionDate "2010.05.18"]
[SourceQuality "1"]

1. e4 e6 2. d4 d5 3. Nc3 Nf6 4. Bg5 Bb4 5. e5 h6 6. Bd2 Bxc3 7. bxc3 Ne4 8. Qg4 g6 9. Bd3 Nxd2 10. Kxd2 c5 11. Nf3 Bd7 12. Rhb1 Bc6 13. Bxg6 fxg6 14. Qxe6+ Qe7 15. Qxg6+ Qf7 16. Qxf7+ Kxf7 17. Re1 Na6 18. Nh4 Bd7 19. Rab1 b5 20. f4 b4 21. cxb4 cxb4 22. f5 Ba4 23. g4 Rac8 24. Rb2 Rc4 25. Nf3 Rhc8 26. Ke3 Bxc2 27. Kf4 Nc5 28. Kg3 Nd3 29. e6+ Kf6 30. Rxc2 Nxe1 31. Rxc4 dxc4 32. Nxe1 b3 33. h4 b2 34. Kf4 b1Q 35. g5+ hxg5+ 36. hxg5+ Ke7 37. Nf3 Rf8 0-1

[Event "EU-ch 11th"]
[Site "Rijeka"]
[Date "2010.03.15"]
[Round "9"]
[White "Burstein, Almog"]
[Black "Pfeifer, Antun"]
[Result "0-1"]
[WhiteElo "2100"]
[BlackElo "1882"]
[PlyCount "138"]
[EventDate "2010.03.06"]
[EventType "swiss"]
[EventRounds "11"]
[EventCountry "CRO"]
[SourceTitle "CBM 136"]
[Source "ChessBase"]
[SourceDate "2010.05.18"]
[SourceVersion "1"]
[SourceVersionDate "2010.05.18"]
[SourceQuality "1"]

1. e4 c5 2. Nf3 d6 3. d4 cxd4 4. Nxd4 Nf6 5. Nc3 a6 6. Be2 e6 7. Be3 b5 8. a3 Bb7 9. f3 Nbd7 10. 0-0 Rc8 11. Qe1 Be7 12. Rd1 0-0 13. Qg3 Ne5 14. Kh1 Nc4 15. Bxc4 Rxc4 16. Bh6 Ne8 17. f4 Bh4 18. Qg4 Rxd4 19. Rxd4 f5 20. exf5 exf5 21. Qe2 gxh6 22. Qe6+ Kg7 23. Nd5 Qc8 24. Qxc8 Bxc8 25. b3 Bd8 26. Re1 Kf7 27. c4 bxc4 28. bxc4 Be6 29. Rb1 Bxd5 30. Rxd5 Ke6 31. Re1+ Kd7 32. Red1 Rf6 33. g3 Kc6 34. Kg2 Bb6 35. Re1 Nc7 36. Rdd1 Kd7 37. a4 Bc5 38. Kf3 Ne6 39. Rd5 Nd4+ 40. Kg2 Nc2 41. Re2 Ne3+ 42. Rxe3 Bxe3 43. Ra5 Kc6 44. Rxa6+ Kc5 45. Kf3 Bd4 46. Ra7 Kxc4 47. Rxh7 Kb4 48. h3 Kxa4 49. g4 fxg4+ 50. hxg4 Be5 51. f5 Kb5 52. Ke4 Kc6 53. Re7 Bb2 54. Ra7 d5+ 55. Kd3 Be5 56. Rh7 Bf4 57. Kd4 Bc7 58. Re7 Kd6 59. Re2 Bb6+ 60. Kd3 Kc5 61. Rc2+ Kd6 62. Re2 Kd7 63. Re5 Rd6 64. f6 d4 65. f7 Rf6 66. Rb5 Ke7 67. g5 hxg5 68. Rxg5 Kxf7 69. Re5 Rf3+ 0-1

[Event "EU-ch 11th"]
[Site "Rijeka"]
[Date "2010.03.11"]
[Round "6"]
[White "Pfeifer, Antun"]
[Black "Tomulic, Teo"]
[Result "1-0"]
[WhiteElo "1882"]
[BlackElo "1577"]
[PlyCount "31"]
[EventDate "2010.03.06"]
[EventType "swiss"]
[EventRounds "11"]
[EventCountry "CRO"]
[SourceTitle "CBM 136"]
[Source "ChessBase"]
[SourceDate "2010.05.18"]
[SourceVersion "1"]
[SourceVersionDate "2010.05.18"]
[SourceQuality "1"]

1. e4 c5 2. Nf3 e6 3. d4 cxd4 4. Nxd4 a6 5. Nc3 Qc7 6. Be2 Nf6 7. 0-0 Bb4 8. Qd3 0-0 9. Bg5 Be7 10. f4 d6 11. f5 e5 12. Bxf6 Bxf6 13. Nf3 Qb6+ 14. Kh1 Qxb2 15. Nd5 Qa3 16. Qxa3 1-0

[Event "Velika Gorica op 7th"]
[Site "Velika Gorica"]
[Date "2007.08.20"]
[Round "4"]
[White "Vrsek, Ivan"]
[Black "Pfeifer, Antun"]
[Result "1-0"]
[WhiteElo "2124"]
[BlackElo "1877"]
[PlyCount "63"]
[EventDate "2007.08.18"]
[EventType "swiss"]
[EventRounds "9"]
[EventCountry "CRO"]
[SourceTitle "CBM 120 Extra"]
[Source "ChessBase"]
[SourceDate "2007.11.01"]
[SourceVersion "1"]
[SourceVersionDate "2007.11.01"]
[SourceQuality "1"]

1. d4 d5 2. c4 Nc6 3. Nc3 dxc4 4. Nf3 Nf6 5. e4 Bg4 6. Be3 Bxf3 7. gxf3 e5 8. d5 Nb8 9. Qa4+ Nbd7 10. Rg1 a6 11. Qxc4 Rb8 12. Bh3 g6 13. 0-0-0 Bd6 14. Bg5 Nb6 15. Qb3 0-0 16. Ne2 Be7 17. Ng3 Nfd7 18. Be3 Nc5 19. Qc2 Ncd7 20. Kb1 Nc8 21. Rc1 Bd6 22. Nf5 Ndb6 23. Bg5 f6 24. Bh6 Rf7 25. Nxd6 Qxd6 26. Be6 Na8 27. f4 Ne7 28. fxe5 fxe5 29. f4 exf4 30. Rcf1 Rbf8 31. Rxf4 c6 32. Qc3 1-0